Central Library OPAC University of Rajshahi

A Study of principal n-Ideals of A Nearlattice / (Record no. 80445)

MARC details
000 -LEADER
fixed length control field 00946nam a22002537a 4500
001 - CONTROL NUMBER
RUCL Control Number 80445
003 - CONTROL NUMBER IDENTIFIER
rucl marc code BD-RjUL
005 - DATE AND TIME OF LATEST TRANSACTION
control field 20230418124519.0
008 - FIXED-LENGTH DATA ELEMENTS--GENERAL INFORMATION
fixed length control field 220927s2004 bg a|||| m||| 00| 0 eng d
035 ## - SYSTEM CONTROL NUMBER
system control number (BD-RjUL)80445
040 ## - CATALOGING SOURCE
Original cataloging agency BD-RjUL
Language of cataloging eng
Transcribing agency BD-RjUL
Modifying agency BD-RjUL
041 ## - LANGUAGE CODE
Language code of Book eng
082 ## - DEWEY DECIMAL CLASSIFICATION NUMBER
DDC Edition number 23
Classification number 519.5354
Author mark and Year AKS 2004
100 ## - MAIN ENTRY--PERSONAL NAME
Personal name Akhter, Shiuly
9 (RLIN) 5028
245 10 - TITLE STATEMENT
Title A Study of principal n-Ideals of A Nearlattice /
Statement of responsibility, etc By Shiuly Akhter ;
Name of Supervisor/Co-Supervisor Supervisor : A. S. A. Noor & M. A. Latif
260 ## - PUBLICATION, DISTRIBUTION, ETC. (IMPRINT)
Place of publication, distribution, etc Rajshahi :
Name of publisher, distributor, etc Department of Mathematics, University of Rajshahi,
Date of publication, distribution, etc 2004
300 ## - PHYSICAL DESCRIPTION
Pagination v, 147 leaves :
Other physical details ill, ;
Dimensions 29.cm.
502 ## - DISSERTATION NOTE
Dissertation note Thesis (Ph. D.) -- Department of Mathematics, University of Rajshahi, 2004
504 ## - BIBLIOGRAPHY, ETC. NOTE
Bibliography, etc References : Leaves 141 - 147
650 ## - SUBJECT ADDED ENTRY--TOPICAL TERM
Topical term or geographic name as entry element Factor analysis
Form subdivision Probabilities and applied mathematics
9 (RLIN) 5029
700 ## - ADDED ENTRY--SUPERVISOR/CO-SUPERVISOR NAME
Personal name Noor, A. S. A. Supervisor
9 (RLIN) 4812
Personal name Latif, M. A. Supervisor
9 (RLIN) 5030
942 ## - ADDED ENTRY ELEMENTS (KOHA)
Source of classification or shelving scheme Dewey Decimal Classification
Koha item type Theses
Holdings
Source of classification or shelving scheme Damaged status Not for loan Collection code Permanent Location Current Location Shelving location Date of accession Source of acquisition Total Checkouts Full call number Barcode Date last seen Copy number Thesis
Dewey Decimal Classification   Not For Loan Theses Central Library, University of Rajshahi Central Library, University of Rajshahi Documentation Section 17/04/2004 Controller of Exam. R.U.   THE 519.5354 AKS 2004 D2211 27/09/2022 C-1 Theses